00537nam a2200193 a 4500001001300000003000900013005001700022008004100039020002300080082001900103100001900122245006200141260004100203300000900244500003500253505001000288650002600298700001900324nice12345678IN_TiNIC20260116013135.0050524s1988 dura grp 000 0 eng  a0822326 c36000a894.54532bPEE aPeets, Leonora aWomen of Marrakechb Record of a Secret Sharer, 1930-1970 aDurhambDuke University Press c1988 a215p aincludes index and biblioraphy2 aIndex aWomen-Morocco Fiction1 aPeets, Leonora